| 000 | 01437nam a22003377a 4500 | ||
|---|---|---|---|
| 003 | OSt | ||
| 005 | 20240226142544.0 | ||
| 007 | ta | ||
| 008 | 210226b 2020 dr f00| 0 eng d | ||
| 020 | _a9789945092769 | ||
| 040 |
_aDO-SdBNP _bspa _cBNPHU |
||
| 082 | 4 |
_a972.93 _bS718d, 2020 _222 |
|
| 100 | 1 |
_aSoto Jiménez, José Miguel, _d1956- _911668 |
|
| 245 | 1 | 0 |
_aDominicaneando / _cJosé Miguel Soto Jiménez ; edición al cuidado de Sócrates Suaso Ruiz |
| 246 | 0 | 4 |
_aDominicaneando : _blos tres nombres del después de siempre. |
| 250 | _a2a. ed. corregida y aumentada. | ||
| 260 |
_aSanto Domingo : _bEdita Libros, _c2020. |
||
| 300 |
_a572 p. ; _c23 cm. |
||
| 500 | _aIncluye datos biográficos del autor en las solapas | ||
| 500 | _aIncluye índice onomástico | ||
| 504 | _aBibliografía : p. 529-547 | ||
| 590 | _aInventariado, 2021 /LP | ||
| 650 |
_areligiosidad popular _zRepública Dominicana _vEnsayos, conferencias, etc. _979018 |
||
| 651 | 4 |
_aRepública Dominicana _xHistoria _vEnsayos, conferencias, etc. _92203 |
|
| 651 | 4 |
_aRepública Dominicana _xVida social y costumbres _vEnsayos, conferencias, etc. _91198 |
|
| 651 | 4 |
_aRepública Dominicana _xCondiciones sociales _vEnsayos, conferencias, etc. _940560 |
|
| 651 | 4 |
_aRepública Dominicana _xCivilización _vEnsayos, conferencias, etc. _92202 |
|
| 700 | 1 |
_aSuaso Ruiz, Sócrates, _eedición _977941 |
|
| 910 | _aValidado. Control de calidad MFF | ||
| 942 |
_2ddc _cLBS1 |
||
| 999 |
_c49460 _d49460 |
||